Horror classics

Bibliographic Details
Format: Book
Published: Great Britain : Chancellor Press , 1993
Subjects:

MARC

LEADER 00000cam a2200000 7i4500
001 0000003707
002 000003992
005 20000330.0
020 |a 185152312X 
090 0 0 |a F   |b HOR 
245 0 0 |a Horror classics 
260 |a Great Britain :   |b Chancellor Press ,   |c 1993 
300 |a 527p. ;   |c 21cm. 
650 0 0 |a Horror fiction 
999 |a 037160   |b BUKU   |c PINJAMAN   |e PERPUSTAKAAN KOMUNITI PETALING JAYA